NLSUI OPAC header image

Industry under economic liberalisation : The case of Indian electronics (Record no. 12470)

MARC details
000 -LEADER
fixed length control field 00544nam a2200157Ia 4500
008 - FIXED-LENGTH DATA ELEMENTS--GENERAL INFORMATION
fixed length control field 160316s1997 xxu||||| |||| 00| 0 eng d
082 ## - DEWEY DECIMAL CLASSIFICATION NUMBER
Classification number 330.122000
Item number JOS
100 ## - MAIN ENTRY--PERSONAL NAME
Personal name Joseph K J
245 ## - TITLE STATEMENT
Title Industry under economic liberalisation : The case of Indian electronics
250 ## - EDITION STATEMENT
Edition statement
260 ## - PUBLICATION, DISTRIBUTION, ETC.
Place of publication, distribution, etc. New Delhi
Name of publisher, distributor, etc. Sage Publications
Date of publication, distribution, etc. 1997
300 ## - PHYSICAL DESCRIPTION
Extent 245p
Other physical details
Dimensions
365 ## - TRADE PRICE
Price amount 325/-
650 ## - SUBJECT ADDED ENTRY--TOPICAL TERM
Topical term or geographic name entry element 1. Economic Liberalisation - Electronics Industries Growth - India<br/>2. Economic Liberalisation - Industrial Growth - Electronics - India
700 ## - ADDED ENTRY--PERSONAL NAME
Personal name
--
Holdings
Withdrawn status Lost status Damaged status Not for loan Home library Current library Shelving location Date acquired Cost, normal purchase price Total Checkouts Full call number Barcode Date last seen Price effective from Koha item type
        . . Library Compactors 30.05.2017 325.00   330.122 JOS 12775 30.05.2017 30.05.2017 BOOKs